[Event "GCT Cote d Ivoire Rapid 2019"]
[Site "Abidjan"]
[Date "2019.05.10"]
[Round "8.4"]
[White "Topalov, Veselin"]
[Black "Amin, Bassem"]
[Result "0-1"]
[WhiteElo "2736"]
[BlackElo "2683"]
[Annotator "TA"]
[PlyCount "162"]
[EventDate "2019.05.05"]
[EventType "tourn"]
[SourceTitle "playchess.com"]
[Source "ChessBase"]
[SourceQuality "1"]

{[%evp 37,162,35,39,19,27,19,19,18,22,22,16,6,41,37,14,0,0,0,6,26,22,0,0,0,21,0,8,9,13,28,470,354,456,480,481,475,450,72,78,70,90,90,78,87,66,64,207,183,175,74,94,104,81,81,299,257,368,361,388,387,388,387,374,370,335,282,332,321,430,409,426,413,412,413,420,412,496,492,450,422,396,401,377,387,375,351,366,356,665,543,620,615,616,605,991,974,974,962,967,966,940,913,1424,1372,843,8,8,0,0,-29974,-29971,-29971,-29972,-29976,-29977,-29977,-29978,-29980,-29980,-29980,-29981,-29982,-29983,-29984,-29983,-29991,-29992]} 1. e4 e5 2. Nf3 Nc6 3. Bb5 a6 4. Ba4 Nf6 5. O-O Be7 6. Re1 b5 7. Bb3 d6 8. c3 O-O 9. h3 Nb8 10. d4 Nbd7 11. Nbd2 Bb7 12. Bc2 Re8 13. Nf1 Bf8 14. Ng3 g6 15. a4 c5 16. d5 c4 17. Bg5 h6 18. Be3 Nc5 19. Qd2 h5 20. Ra3 {C95: Closed Ruy Lopez: Breyer Variation with 10 d4} (20. Bg5 Bg7 21. Rf1 Qc7 22. Bh6 Bh8 23. Ng5 Nh7 24. Nxh7 Kxh7 25. Be3 Qe7 26. f4 exf4 27. Bxf4 Kg8 {1-0 (51) Zherebukh,Y (2605)-Caruana,F (2817) Saint Louis 2017}) 20... Nfd7 21. Qe2 Nb6 $146 {[%cal Rb6a4]} ({Predecessor:} 21... Qc7 22. Ng5 Nf6 23. Rea1 Bg7 24. Nf1 Nfd7 25. b4 cxb3 26. Bxb3 Reb8 27. Nd2 Nxb3 28. Rxb3 {1-0 (49) Latronico,N (2465)-Wukits,R (2340) ICCF email 2012}) 22. axb5 {The position is equal.} axb5 23. Rxa8 Bxa8 24. Ng5 Qf6 25. Rf1 Nbd7 26. h4 {White wants to play f4.} Qe7 27. Ra1 Bb7 28. Ra5 Ba6 29. Nxh5 gxh5 30. Qxh5 {[%csl Gg5][%cal Rh5h7]} Bg7 31. Qh7+ Kf8 32. Qf5 $36 {[%mdl 2048] And now Ne6+! would win. White has good play.} Kg8 $1 33. Bd1 Qf6 $2 {[%mdl 8192]} (33... Nf6 $1 $11 {and Black stays safe.} 34. Bh5 (34. Bxc5 Bc8 $15) 34... Bc8 35. Bxf7+ Qxf7 36. Nxf7 Bxf5 37. Nxd6 {[%mdl 64] Double Attack} Ncxe4 38. Nxf5 Nxd5) 34. Qh7+ $18 Kf8 35. Bh5 Ke7 {Threatens to win with ...Rh8.} 36. Nxf7 Nf8 {[#]} 37. Qf5 $2 (37. Bxc5 $1 $18 {[%mdl 512] is the precise move to win.} Nxh7 (37... dxc5 38. d6+) 38. Bxd6+ Qxd6 39. Nxd6) 37... Qxf5 $16 38. exf5 Nfd7 $1 {[#]} 39. Nxd6 $1 {[%mdl 512]} Rh8 (39... Kxd6 40. Bxe8) 40. f6+ Bxf6 41. Nf5+ Kd8 ({Better is} 41... Kf8 $1 $14 42. Bf3 Bd8) 42. Bf7 $18 Kc7 43. Be6 (43. h5 $1 $18 {is more deadly.}) 43... Bb7 44. Rxb5 Nxe6 45. dxe6 Bc6 $2 (45... Be4 $16) 46. Rb4 $1 Rg8 (46... Bxh4 {was necessary.} 47. exd7 Kxd7 48. Rxc4 Bf6) 47. g3 (47. exd7 Rxg2+ 48. Kf1 Rg4 $18) 47... Ra8 48. f3 Bxf3 {Black hopes to continue with ...Nb8.} 49. Rxc4+ ({Less strong is} 49. exd7 Kxd7 50. Rb6 (50. Rxc4 Ke6 $18) 50... Bc6 $18) 49... Kd8 50. exd7 Kxd7 51. Bg5 Ke6 52. Ne3 Bg7 53. Kf2 Rf8 {If Black can now play ...Bd5+ this consolidates a bit.} 54. Rb4 Bc6+ 55. Ke2 Kd7 56. g4 Rf3 57. Rb8 e4 58. h5 Be5 59. Rg8 Rh3 60. h6 Rh2+ 61. Kf1 Rxb2 62. c4 Rh2 $2 (62... Rb1+ 63. Kf2 Rb2+ 64. Ke1 Rb1+ 65. Kd2 Rb2+ 66. Kc1 Ba4 67. Rd8+ Ke6) 63. Kg1 Rh3 {[#]} 64. Rg7+ $1 Kc8 (64... Bxg7 65. hxg7) 65. Nf5 e3 {[%csl Gc6][%cal Rh3h1]} 66. Ne7+ {[%mdl 64] Double Attack} Kb7 67. Nxc6+ Kxc6 {[%mdl 4096] Endgame KRB-KRB} 68. Re7 Kd6 69. Kf1 Rh2 {[#]} 70. c5+ $1 Kd5 (70... Kxc5 71. Rxe5+) 71. Rxe5+ $2 ({White must play} 71. Bxe3 $18 Rh1+ 72. Ke2) 71... Kxe5 {KR-KB} 72. c6 {c7 is the strong threat.} Ke4 {( -> ...e2+)} 73. Kg1 $2 {[%mdl 8192] [#]} (73. c7 {leads to mate.} e2+ 74. Ke1 Kd3 75. Bd2 Rh1+ 76. Kf2 Kxd2 77. Kf3 e1=Q 78. Kf4 Rf1+ 79. Kg5 Qe5+ 80. Kg6 Rf6+ 81. Kh7 Qg5 $1 {[%mdl 512]} 82. c8=Q Rxh6#) (73. Bxe3 $11 Kxe3 74. g5 (74. c7 $2 Kf3 $19)) 73... e2 $1 {[%mdl 512] Black mates.} 74. Bd2 {[#]} Rxh6 $3 {[%mdl 512]} 75. Kf2 {[#]} (75. Bxh6 e1=Q+) 75... Rh2+ $1 76. Kg3 Rh7 77. g5 Kd3 78. Be1 Rc7 79. Kg4 Rxc6 80. Kf5 Rc1 81. Bb4 Rb1 {Accuracy: White = 55%, Black = 52%.} 0-1

[Event "GCT Cote d Ivoire Rapid 2019"]
[Site "Abidjan"]
[Date "2019.05.10"]
[Round "8.5"]
[White "Karjakin, Sergey"]
[Black "Wei, Yi"]
[Result "1/2-1/2"]
[WhiteElo "2773"]
[BlackElo "2737"]
[Annotator "TA"]
[PlyCount "68"]
[EventDate "2019.05.05"]
[EventType "tourn"]
[SourceTitle "playchess.com"]
[Source "ChessBase"]
[SourceQuality "1"]

{[%evp 23,68,5,6,6,6,6,7,4,6,6,5,0,6,6,6,6,16,12,16,10,7,5,11,5,10,8,8,7,9,0,0,0,0,0,0,0,0,0,0,0,0,0,0,0,0,0,0]} 1. Nf3 d5 2. d4 Nf6 3. c4 dxc4 4. e3 e6 5. Bxc4 c5 6. O-O Nc6 7. Nc3 a6 8. dxc5 Qxd1 9. Rxd1 Bxc5 10. b3 b5 11. Be2 Bb7 12. Bb2 O-O {The position is equal.} 13. Rac1 {D27: Queen's Gambit Accepted: Classical main line: 7 e4!? and 7 a4} (13. Nd2 Be7 14. Bf3 Rfd8 15. Nde4 Nxe4 16. Nxe4 f5 17. Ng3 Na5 18. Ne2 Bxf3 19. gxf3 Kf7 20. f4 Rxd1+ 21. Rxd1 {1-0 (46) Andreikin,D (2712)-Yu,Y (2751) Huaian 2017}) 13... Be7 14. Ne1 $146 ({Predecessor:} 14. Kf1 Rfd8 15. h3 Rxd1+ 16. Rxd1 Rd8 17. Rxd8+ Bxd8 {½-½ (17) Resende,A (2402)-Braga,C (2412) Havana 2006}) 14... Rac8 15. Kf1 Nb4 16. a4 bxa4 17. Nxa4 Rxc1 18. Rxc1 {[#] Rc7 is the strong threat.} Bd5 19. Bc4 Ne4 20. Ke2 Bb7 21. Nd3 a5 22. Nxb4 Bxb4 23. f3 Nd6 24. Bc3 Bxc3 25. Rxc3 Rc8 26. Kd2 Kf8 27. Bd3 Rxc3 28. Kxc3 $11 {[%mdl 4096] Endgame KBN-KBN} e5 29. Nb6 (29. Bxh7 g6 $17) 29... Ke7 30. Bc2 ({Reject} 30. Bxh7 g6 $17) 30... Nb5+ 31. Kd2 Nd6 32. Kc3 ({Much weaker is} 32. Bxh7 g6 $17) 32... Nb5+ 33. Kd2 Nd6 34. Kc3 ({Much worse is} 34. Bxh7 g6 $17) 34... Nb5+ {Accuracy: White = 78%, Black = 85%.} 1/2-1/2

[Event "GCT Cote d Ivoire Rapid 2019"]
[Site "Abidjan"]
[Date "2019.05.10"]
[Round "9.1"]
[White "Wei, Yi"]
[Black "Carlsen, Magnus"]
[Result "0-1"]
[WhiteElo "2737"]
[BlackElo "2867"]
[Annotator "TA"]
[PlyCount "62"]
[EventDate "2019.05.05"]
[EventType "tourn"]
[SourceTitle "playchess.com"]
[Source "ChessBase"]
[SourceQuality "1"]

{[%evp 9,120,16,15,21,28,29,33,31,22,0,33,33,33,33,33,33,40,30,32,27,40,27,22,5,4,9,12,12,23,8,11,15,19,22,43,41,82,0,0,0,0,0,0,0,0,0,0,0,-18,-198,-203,-209,-199,-187,0,-209,-200,-265,-265,-337,-350,-350,-350,-350,-288,-350,-350,-350,-350,-350,-350,-341,-349,-349,-349,-403,-316,-449,-284,-403,-403,-583,-583,-583,-583,-566,-560,-812,-793,-730,-337,-531,-524,-524,-519,-11272,-922,-11272,-11272,-11272,-11272,-11272,-11144,-8801,-8449,-6625,-6625,-6207,-1994,-6972,-6079,-5249,-4770]} 1. e4 c5 2. Nf3 Nc6 3. c3 Qa5 4. Na3 e6 5. Nc4 Qd8 (5... Qc7 6. d4 cxd4 7. cxd4 d5 8. exd5 exd5 9. Ne3 Nf6 10. Bd3 Bd6 11. O-O O-O 12. a3 h6 {0-1 (49) Jakubiec,A (2541)-Movsesian,S (2667) Pardubice 2007}) 6. d4 {aiming for d5. B22: Sicilian: 2 c3} d5 7. exd5 exd5 $146 ({Predecessor:} 7... Qxd5 8. Ne3 Qd8 9. Bb5 Bd7 10. d5 exd5 11. Nxd5 Be6 12. Ne3 a6 {0-1 (64) Bigatto,P-Calixto,R (1883) Osasco 2012}) 8. Nce5 {Threatens to win with Bb5.White is slightly better.} Bd6 9. Be3 c4 10. b3 cxb3 11. axb3 Nge7 12. Bd3 Bf5 13. O-O O-O 14. Bf4 Bxe5 15. Nxe5 Nxe5 16. Bxf5 N5g6 17. Bg5 Qc7 $1 18. Bxg6 Nxg6 19. Qf3 Qd7 20. Ra5 b5 21. Rfa1 h6 22. Bd2 Rfe8 23. Qd3 (23. h3 $16) 23... a6 $11 24. Rxa6 Rxa6 25. Rxa6 Nf4 26. Qf3 Qf5 $40 {[%mdl 128] ( -> ...Qb1+). Black mounts an attack.} 27. Ra1 Ne2+ 28. Kf1 Qc2 $1 {[%csl LRb3,LRd2][%mdl 64] Double Attack} 29. Qxe2 $2 (29. Be3 $1 $11 Nxc3 30. g3) 29... Rxe2 $19 30. Kxe2 $11 {[%mdl 4096] Endgame KQ-KRB} Qe4+ ({Resist} 30... Qxb3 31. f3 $17) 31. Kf1 b4 {Played: Qe4-c2} 0-1

[Event "GCT Cote d Ivoire Rapid 2019"]
[Site "Abidjan"]
[Date "2019.05.10"]
[Round "9.2"]
[White "Amin, Bassem"]
[Black "Vachier-Lagrave, Maxime"]
[Result "0-1"]
[WhiteElo "2683"]
[BlackElo "2792"]
[Annotator "TA"]
[PlyCount "68"]
[EventDate "2019.05.05"]
[EventType "tourn"]
[SourceTitle "playchess.com"]
[Source "ChessBase"]
[SourceQuality "1"]

{[%evp 17,68,-6,-2,-14,34,34,40,0,8,0,18,0,8,0,25,-45,20,20,24,24,11,14,73,70,91,51,91,51,51,50,51,41,44,22,40,0,0,0,7,0,0,0,0,0,0,0,0,-457,-457,-815,-815,-808,-783]} 1. e4 c5 2. Nf3 d6 3. g3 Nf6 4. c3 Nc6 5. d3 g6 6. Bg2 Bg7 7. O-O O-O 8. Re1 e5 9. a3 h6 10. b4 {[%cal Bb2b4,Bb4b5][%mdl 32] A05: Réti Opening: 1 Nf3 Nf6} b6 11. b5 Ne7 12. c4 $146 {White is slightly better.} ({Predecessor:} 12. a4 a6 13. Na3 Be6 14. Bb2 Nd7 15. bxa6 Rxa6 16. Nb5 d5 17. exd5 Nxd5 {0-1 (62) Saric,I (2664)-Zherebukh,Y (2636) chess.com INT 2018}) 12... a6 13. Nc3 Be6 14. Nd2 Qd7 15. Bb2 Bh3 16. Bh1 (16. Bxh3 $11 Qxh3 17. Qf3) 16... Ne8 ({Black should try} 16... axb5 $15 17. cxb5 Rfb8) 17. a4 $11 Nc7 18. Nf1 Rab8 19. Ne3 f5 (19... a5 $11) 20. exf5 $16 Nxf5 21. Ncd5 a5 22. Nxc7 Qxc7 23. Nd5 Qf7 24. Qd2 {Hoping for Nxb6!} Kh7 25. Re4 h5 26. Bg2 Bxg2 27. Kxg2 Ne7 28. Nxe7 Qxe7 29. f4 Rf5 30. Rae1 Qf7 31. fxe5 Rf8 $36 {[%mdl 2048] White must now prevent ...Rf2+. Black is more active.} 32. R1e2 $2 {[%mdl 8192] [#]} (32. Rf4 $1 $11 {and White has nothing to worry.} Bxe5 33. Bxe5 dxe5 34. Rxf5 Qxf5 35. Qe2) 32... dxe5 $1 $19 {Threatens to win with ...Rf1.Black is clearly winning.} 33. h4 (33. Bc1 $142 Rf1 34. Qe3) 33... Rf1 {( -> ...Qf3+)} 34. Kh2 {[#]} Qf2+ $1 {[%mdl 512] Accuracy: White = 41%, Black = 49%.} 0-1

[Event "GCT Cote d Ivoire Rapid 2019"]
[Site "Abidjan"]
[Date "2019.05.10"]
[Round "9.3"]
[White "Nepomniachtchi, Ian"]
[Black "Nakamura, Hikaru"]
[Result "0-1"]
[WhiteElo "2776"]
[BlackElo "2805"]
[Annotator "TA"]
[PlyCount "80"]
[EventDate "2019.05.05"]
[EventType "tourn"]
[SourceTitle "playchess.com"]
[Source "ChessBase"]
[SourceQuality "1"]

{[%evp 22,80,0,0,31,26,29,32,18,11,12,5,0,9,30,0,31,29,13,0,0,-52,-51,-45,-35,-89,-95,-68,-62,-132,-137,-117,-68,-78,-85,-171,-164,-151,-133,-123,-97,-225,-202,-357,-320,-503,-482,-491,-425,-541,-533,-518,-559,-597,-591,-568,-563,-633,-615,-648,-618]} 1. c4 e5 2. Nc3 Nf6 3. Nf3 Nc6 4. g3 d5 5. cxd5 Nxd5 6. Bg2 Nb6 7. O-O Be7 8. a3 O-O 9. d3 Be6 10. b4 a5 11. b5 Nd4 12. Nd2 Qc8 {A29: English Opening: Four Knights Variation with 4 g3} (12... c6 13. bxc6 Nxc6 14. Rb1 a4 15. Nc4 Nxc4 16. dxc4 Bxc4 17. Rxb7 Nd4 18. Re1 Bb3 19. Qd3 Rb8 20. Bb2 Rxb7 21. Bxb7 {0-1 (56) Belous,V (2557)-Rublevsky,S (2692) Khanty-Mansiysk 2015}) 13. e3 Nf5 14. a4 Rd8 {White is slightly better.} 15. Qc2 c6 $146 ({Predecessor:} 15... Nd5 16. Nxd5 Bxd5 17. Nf3 Bxf3 18. Bxf3 Nd6 19. Bb2 Qf5 20. Bg2 {½-½ (60) Yeke,S (2274)-Annaberdiev,M (2443) Kesan 2012}) 16. bxc6 bxc6 17. Ba3 Qd7 18. Rfb1 (18. Bxe7 {keeps more tension.} Nxe7 19. Rfb1 Qxd3 20. Qxd3 Rxd3 21. Nce4) 18... Qxd3 (18... Bxa3 {is more complex.} 19. Rxa3 Nd5 20. Nxd5 cxd5 21. Qb2 f6) 19. Qxd3 Rxd3 20. Rxb6 {Black must now prevent Nde4.} Rxc3 21. Bxe7 (21. Rxc6 $11 Rxc6 22. Bxc6) 21... Nxe7 $15 22. Rab1 h6 23. Rb8+ (23. h3 $15) 23... Rxb8 $17 24. Rxb8+ Kh7 25. Ra8 (25. h4 $15) 25... Rc1+ 26. Nf1 Rc5 27. Nd2 Nd5 28. Ra7 (28. h3 $17) 28... Rc1+ $19 29. Nf1 Nc3 30. Rxa5 e4 31. f4 {[#]} (31. h4 $17 {is a better defense.}) 31... Bc4 $1 32. g4 $2 (32. Re5) 32... Bd3 {Hoping for ...Nd1.} 33. Kf2 (33. h3 $142) 33... Rc2+ {Black is clearly winning.} 34. Kg3 {[#]} c5 $1 {[%mdl 512]} 35. Ra7 (35. Rxc5 Ne2+) 35... c4 36. Rxf7 Ne2+ 37. Kh3 c3 38. Rc7 Ra2 39. f5 c2 40. f6 {intending f7.} c1=Q {Accuracy: White = 36%, Black = 72%.} 0-1

[Event "GCT Cote d Ivoire Rapid 2019"]
[Site "Abidjan"]
[Date "2019.05.10"]
[Round "9.4"]
[White "So, Wesley"]
[Black "Karjakin, Sergey"]
[Result "1-0"]
[WhiteElo "2772"]
[BlackElo "2773"]
[Annotator "TA"]
[PlyCount "101"]
[EventDate "2019.05.05"]
[EventType "tourn"]
[SourceTitle "playchess.com"]
[Source "ChessBase"]
[SourceQuality "1"]

{[%evp 11,101,7,5,-3,0,5,0,2,7,5,11,7,12,8,20,-23,8,0,23,18,19,27,23,0,0,-1,-1,-1,0,1,25,25,15,23,25,26,32,39,63,20,30,17,16,22,31,32,31,0,0,0,22,0,0,0,32,35,32,0,0,0,0,0,0,0,0,0,0,0,56,41,59,8,24,0,60,66,71,14,16,29,32,0,27,0,79,14,13,0,826,817,817,810]} 1. e4 e5 2. Nf3 Nc6 3. Bb5 Nf6 4. d3 Bc5 5. O-O Nd4 6. Nxd4 Bxd4 7. c3 {C65: Ruy Lopez: Berlin Defence (3...Nf6), unusual lines and 4 0-0 Bc5} (7. Ba4 O-O 8. c3 Bb6 9. Bg5 h6 10. Bh4 c6 11. Nd2 d5 12. Bb3 dxe4 13. Nxe4 g5 14. Bg3 Nxe4 15. dxe4 {½-½ (44) So,W (2778)-Karjakin,S (2782) Paris 2018}) 7... Bb6 8. Ba4 c6 (8... O-O 9. Bg5 h6 10. Bh4 d6 11. Nd2 g5 12. Bg3 Bg4 13. Qe1 Nh5 14. Bd1 Bxd1 15. Qxd1 Nxg3 16. hxg3 {½-½ (47) Caruana,F (2828)-Robson,R (2667) chess.com INT 2019}) 9. Na3 {The position is equal.} d6 10. Bb3 O-O 11. Bg5 h6 12. Bh4 a5 $146 (12... g5 $5 13. Bg3 $8 Kg7 $11) ({Predecessor:} 12... Be6 13. Nc4 Bc7 14. Ne3 Qe7 {½-½ (61) Horvath,A (2539)-Balogh,C (2660) Bastia 2014}) 13. Kh1 g5 14. Bg3 Ba7 15. Nc2 h5 {Hoping for ...h4.} 16. Qd2 Nd7 17. h3 Nc5 {Threatens to win with ...a4.} 18. Ne3 Nxb3 (18... h4 $5 19. Bh2 $8 Nxb3 20. axb3 f6 $11) 19. axb3 Bxe3 (19... h4 $5 20. Bh2 $8 f6 $11) 20. Qxe3 Be6 21. d4 h4 22. Bh2 f6 23. c4 Rf7 24. Rfd1 Qf8 25. Rd2 c5 26. dxe5 dxe5 27. Rad1 Rc7 28. Rd6 Qe7 29. Qd3 Kg7 30. f3 a4 31. bxa4 Rxa4 32. b3 Ra6 33. Rxa6 bxa6 34. Qc3 Rd7 35. Ra1 Rd6 36. Qe3 Qc7 37. Bxe5 fxe5 38. Qxg5+ {[%mdl 64] [#] Double Attack} Kf7 39. Qxh4 {aiming for Qh7+.} Qd8 (39... Kg6 $11) 40. Qh5+ $14 {[%mdl 1024] White has compensation.} Ke7 41. Qg5+ ({White should play} 41. Kh2 $14) 41... Kf7 42. Qh5+ Ke7 $1 43. Kh2 Rb6 44. Qh4+ (44. Ra2 $16) 44... Ke8 $11 45. Qh8+ {[%mdl 64] [#] Double Attack} Ke7 46. Qh4+ Ke8 47. Qh5+ (47. Qxd8+ $11 Kxd8 48. Ra3) 47... Ke7 $1 $16 48. f4 ({White should try} 48. Ra2 $16) 48... exf4 49. Rd1 {Qg5+ would kill now.} Rd6 $2 {[%mdl 8192]} (49... Qc7 $11) 50. Qxc5 $18 Qb6 51. Qg5+ {Accuracy: White = 49%, Black = 63%.} 1-0

[Event "GCT Cote d Ivoire Rapid 2019"]
[Site "Abidjan"]
[Date "2019.05.10"]
[Round "9.5"]
[White "Ding, Liren"]
[Black "Topalov, Veselin"]
[Result "1/2-1/2"]
[WhiteElo "2786"]
[BlackElo "2736"]
[Annotator "TA"]
[PlyCount "88"]
[EventDate "2019.05.05"]
[EventType "tourn"]
[SourceTitle "playchess.com"]
[Source "ChessBase"]
[SourceQuality "1"]

{[%evp 9,88,-8,14,14,16,9,20,0,16,-4,25,-12,92,95,79,70,83,64,41,0,-8,-13,-7,-13,-25,-52,-43,-58,-57,-39,-8,-67,-60,-83,-70,-94,-93,-79,-80,-79,-77,-166,-169,-175,-171,-145,-148,-166,-145,-153,-150,-155,-141,-149,-139,-154,-150,-149,-143,-147,-136,-234,-129,-122,-127,-118,-122,-115,-117,-112,-102,-100,-15,-20,-8,-8,0,-8,0,0,0]} 1. c4 c5 2. g3 g6 3. Bg2 Bg7 4. Nc3 Nc6 5. b3 e6 6. Ba3 {A36: Symmetrical English vs ...g6: 4 Bg2 Bg7} Qa5 $146 ({Predecessor:} 6... d6 7. e3 Nge7 8. Nge2 O-O 9. O-O Qa5 10. Bb2 d5 11. cxd5 exd5 12. Nf4 Rd8 13. Qc1 d4 {½-½ (33) Ding,L (2813)-Vidit,S (2695) Wijk aan Zee 2019}) 7. Bb2 Nge7 8. h4 h6 9. Qb1 O-O 10. Ne4 f5 (10... e5 $11 {remains equal.}) 11. Bxg7 $16 Kxg7 12. Qb2+ e5 13. Nd6 (13. Nc3 {with more complications.} d6 14. f4 Kh7 15. O-O-O Bd7 16. d3) 13... Qc7 14. Nxc8 (14. Nb5 {seems wilder.} Qb8 15. Nc3 Ng8 16. h5 g5 17. f4) 14... Raxc8 15. d3 Rcd8 $36 {[%mdl 2048] White is under pressure.} 16. Rc1 b6 17. Nf3 d5 18. cxd5 Nxd5 19. a3 a5 20. e3 (20. Nd2 $11) 20... Nf6 $15 21. b4 axb4 (21... Rxd3 $6 22. b5 $14) (21... cxb4 $6 22. Ng5 $11) 22. axb4 e4 $1 {[%cal Re4f3]} ({Worse is} 22... cxb4 23. Ng5 $16) 23. dxe4 fxe4 24. Ng5 {[#] Hoping for Ne6+.} Qe7 $1 {aiming for ...Ne5.} 25. Bxe4 {[#]} (25. bxc5 $17 {was necessary.} Ne5 26. O-O) 25... Ne5 $1 $19 ({Of course not} 25... Nxb4 $6 26. Bb1 $11) 26. Nf3 Nxe4 27. Qxe5+ Qxe5 28. Nxe5 Rxf2 29. Rc4 Ra2 ({Weaker is} 29... Nxg3 30. Kxf2 Nxh1+ 31. Kg2 $16) 30. O-O Nxg3 31. Rf7+ Kg8 {( -> ...Rd1+)} 32. Rf2 Ra1+ 33. Kg2 Nf5 34. Re4 Re8 35. h5 (35. Kf3 $17) 35... Ra4 (35... cxb4 $19 {Strongly threatening ...b3.} 36. Kf3 Nd6) 36. Kf3 $17 Rxb4 37. Rxb4 cxb4 38. Nxg6 Nxe3 {[%mdl 4096] Endgame And now ...b3 would win. KRN-KRN} 39. Rb2 Nd5 40. Rd2 Nf6 (40... Nc3 $17 {Threatens to win with ...Re1.} 41. Rd4 Na2) 41. Rd6 $11 {The position is equal.} Nxh5 {White must now prevent ...Kf7.} 42. Rxb6 Kg7 43. Nf4 Nxf4 44. Kxf4 Rf8+ {Accuracy: White = 47%, Black = 56%.} 1/2-1/2